[Event "New Delhi Parsvnath op 10th"]
[Site "New Delhi"]
[Date "2012.01.22"]
[Round "10"]
[White "Das, Dushyant"]
[Black "Girinath, PDS"]
[Result "0-1"]
[WhiteElo "2092"]
[BlackElo "2360"]
[PlyCount "70"]
[EventDate "2012.01.15"]
[EventType "swiss"]
[EventRounds "11"]
[EventCountry "IND"]
[SourceTitle "CBM 146 Extra"]
[Source "ChessBase"]
[SourceDate "2012.02.29"]
[SourceVersion "1"]
[SourceVersionDate "2012.02.29"]
[SourceQuality "1"]

1. e4 e6 2. d4 d5 3. Nc3 Nc6 4. e5 Nge7 5. Bg5 h6 6. Bxe7 Bxe7 7. f4 a6 8. Nf3 0-0 9. Qd2 b5 10. h4 Bd7 11. h5 b4 12. Nd1 Na5 13. Ne3 c5 14. Rd1 cxd4 15. Nxd4 Bc5 16. Nb3 Nxb3 17. axb3 Qb6 18. Rh3 Rfc8 19. Ng4 Kf8 20. Nh2 a5 21. g4 a4 22. bxa4 Rxa4 23. b3 Ra2 24. Bd3 Bb5 25. f5 Bxd3 26. Rxd3 Be7 27. f6 Rcxc2 28. fxe7+ Kxe7 29. Nf3 Rxd2 30. R1xd2 Rxd2 31. Kxd2 Qf2+ 32. Kd1 Qf1+ 33. Kd2 Qf2+ 34. Kd1 Kd7 35. Ne1 Qg1 0-1

[Event "New Delhi Parsvnath op 10th"]
[Site "New Delhi"]
[Date "2012.01.19"]
[Round "7"]
[White "Akshayraj, Kore"]
[Black "Das, Dushyant"]
[Result "1-0"]
[WhiteElo "2386"]
[BlackElo "2092"]
[PlyCount "73"]
[EventDate "2012.01.15"]
[EventType "swiss"]
[EventRounds "11"]
[EventCountry "IND"]
[SourceTitle "CBM 146 Extra"]
[Source "ChessBase"]
[SourceDate "2012.02.29"]
[SourceVersion "1"]
[SourceVersionDate "2012.02.29"]
[SourceQuality "1"]

1. c4 Nf6 2. Nc3 d5 3. cxd5 Nxd5 4. Nf3 Nxc3 5. bxc3 g6 6. Qa4+ Nd7 7. g3 Bg7 8. Bg2 0-0 9. 0-0 Nb6 10. Qc2 Be6 11. a4 a5 12. d3 Nd5 13. Bd2 h6 14. Rab1 Bd7 15. Rxb7 Nb6 16. Nd4 Bxa4 17. Qa2 Bd7 18. Rb1 Ra6 19. Nb5 Na8 20. c4 a4 21. Qa3 Re8 22. Rb4 c6 23. Nc3 Bc8 24. Rb8 Be5 25. Rxa8 Rxa8 26. Bxc6 Bd7 27. Bxa8 Qxa8 28. Nb5 Bd6 29. Nxd6 exd6 30. e4 f5 31. Rb6 fxe4 32. Qxd6 Bf5 33. g4 Be6 34. Bc3 Qa7 35. Qe5 Kh7 36. Rxe6 Rxe6 37. Qh8# 1-0

[Event "New Delhi Parsvnath op 6th"]
[Site "New Delhi"]
[Date "2008.01.13"]
[Round "2"]
[White "Das, Dushyant"]
[Black "Ramesh, Ramachandran B"]
[Result "1/2-1/2"]
[WhiteElo "2127"]
[BlackElo "2473"]
[PlyCount "178"]
[EventDate "2008.01.13"]
[EventType "swiss"]
[EventRounds "10"]
[EventCountry "IND"]
[SourceTitle "CBM 122 Extra"]
[Source "ChessBase"]
[SourceDate "2008.03.04"]
[SourceVersion "1"]
[SourceVersionDate "2008.03.04"]
[SourceQuality "1"]

1. e4 c5 2. Nf3 d6 3. d4 cxd4 4. Nxd4 Nf6 5. Nc3 a6 6. Be2 e5 7. Nb3 Be7 8. Be3 Be6 9. Nd5 Nbd7 10. f3 Bxd5 11. exd5 0-0 12. 0-0 Rc8 13. c4 a5 14. Qd2 b6 15. Qe1 Nh5 16. Qd2 g6 17. Bh6 Re8 18. g3 Ng7 19. g4 f5 20. Kh1 f4 21. Bd3 Bf8 22. Qe2 Nc5 23. Nxc5 bxc5 24. Bxg7 Bxg7 25. Be4 Rb8 26. b3 Re7 27. Rab1 Ra7 28. Qc2 Bf6 29. Kg2 Kg7 30. Rh1 Bh4 31. Kf1 a4 32. Kg2 axb3 33. axb3 Qa5 34. Rb2 Be1 35. h4 Bc3 36. Rbb1 Qa2 37. Kh3 Qxc2 38. Bxc2 Ra2 39. Rh2 h6 40. Re2 Rba8 41. Kg2 R8a3 42. Kf1 Ra1 43. Rxa1 Rxa1+ 44. Kg2 Kf6 45. h5 gxh5 46. gxh5 Kg5 47. Bg6 Kh4 48. Rc2 Bd4 49. Kh2 Rf1 50. Be4 Kxh5 51. Rg2 Rf2 52. Rxf2 Bxf2 53. Kg2 Bd4 54. Kh3 Kg5 55. Bc2 h5 56. Be4 Bf2 57. Bc2 Kf6 58. Be4 Ke7 59. Kg2 Bg3 60. Bg6 h4 61. Bf5 Kd8 62. Kf1 e4 63. fxe4 f3 64. Bg4 f2 65. Ke2 Ke7 66. e5 dxe5 67. Bh3 Kd6 68. Kf3 Bh2 69. Ke4 Bf4 70. Bf1 Bg5 71. Bh3 Bd8 72. Bf1 Bc7 73. Kf5 Ke7 74. Bh3 Bd6 75. Bf1 Kd7 76. Ke4 Kc7 77. Kf3 Kb6 78. Kxf2 Ka5 79. Ke3 Kb4 80. Kd3 Kxb3 81. Bh3 e4+ 82. Kxe4 Kxc4 83. Bf1+ Kb3 84. Kf3 c4 85. Kg4 c3 86. Bd3 Be7 87. d6 Bd8 88. d7 Kb2 89. Kh3 c2 1/2-1/2